Political and moral vision of Islam : (Record no. 18655)

MARC details
000 -LEADER
fixed length control field 00956cam a2200277 a 4500
001 - CONTROL NUMBER
control field 14796333
003 - CONTROL NUMBER IDENTIFIER
control field BDDh-ASL
005 - DATE AND TIME OF LATEST TRANSACTION
control field 20231015025723.0
008 - FIXED-LENGTH DATA ELEMENTS--GENERAL INFORMATION
fixed length control field 070404s2001 pk b i 000 0 eng
010 ## - LIBRARY OF CONGRESS CONTROL NUMBER
LC control number 2007926237
040 ## - CATALOGING SOURCE
Original cataloging agency DLC
Transcribing agency DLC
Modifying agency BDDh-ASL
050 00 - LIBRARY OF CONGRESS CALL NUMBER
Classification number BP193.1.A2
Item number J34 2009
082 ## - DEWEY DECIMAL CLASSIFICATION NUMBER
Classification number 297.01
Item number JAP
100 1# - MAIN ENTRY--PERSONAL NAME
Personal name Jafri, S. M. H.
Fuller form of name (Saiyid Masudul Hasan),
Dates associated with a name 1927-
245 10 - TITLE STATEMENT
Title Political and moral vision of Islam :
Remainder of title As explained by Ali B. Abi Talib/
Statement of responsibility, etc. S.H.M. Jafri.
250 ## - EDITION STATEMENT
Edition statement 1st U.S. ed.
260 ## - PUBLICATION, DISTRIBUTION, ETC.
Place of publication, distribution, etc. Lahore :
Name of publisher, distributor, etc. Institute of Islamic Culture,
Date of publication, distribution, etc. 2001.
300 ## - PHYSICAL DESCRIPTION
Extent ix, 144 p. ;
Dimensions 23 cm.
504 ## - BIBLIOGRAPHY, ETC. NOTE
Bibliography, etc. note Includes bibliographical references and index.
600 00 - SUBJECT ADDED ENTRY--PERSONAL NAME
Personal name ʻAlī ibn Abī Ṭālib,
Titles and other words associated with a name Caliph,
Dates associated with a name approximately 600-661
General subdivision Teachings.
650 #0 - SUBJECT ADDED ENTRY--TOPICAL TERM
Topical term or geographic name entry element Islam and justice.
740 0# - ADDED ENTRY--UNCONTROLLED RELATED/ANALYTICAL TITLE
Uncontrolled related/analytical title Nahj al-balāghah.
906 ## - LOCAL DATA ELEMENT F, LDF (RLIN)
a 7
b cbc
c orignew
d 2
e epcn
f 20
g y-gencatlg
942 ## - ADDED ENTRY ELEMENTS (KOHA)
Source of classification or shelving scheme Dewey Decimal Classification
Koha item type Books
Holdings
Withdrawn status Lost status Source of classification or shelving scheme Damaged status Not for loan Collection code Home library Current library Shelving location Date acquired Source of acquisition Total Checkouts Full call number Barcode Date last seen Copy number Price effective from Koha item type
    Dewey Decimal Classification     Non-fiction Asiatic Society Library Asiatic Society Library General Stacks 10/18/2020 Complementary   297.01 JAP 101862 10/18/2020 C-1 10/18/2020 Books

Powered by Koha